<?xml version='1.0' encoding='UTF-8'?>
  <record xmlns="http://www.loc.gov/MARC21/slim">
    <leader>00000nem a2200000 i 4500</leader>
    <controlfield tag="001">ocn980444953</controlfield>
    <controlfield tag="003">OCoLC</controlfield>
    <controlfield tag="005">20241004152736.2</controlfield>
    <controlfield tag="008">030902s1832    be        a     0   fre d</controlfield>
    <datafield tag="040" ind1=" " ind2=" ">
      <subfield code="a">QGJ</subfield>
      <subfield code="b">dut</subfield>
      <subfield code="c">QGJ</subfield>
      <subfield code="d">OCLCL</subfield>
      <subfield code="d">OCLCQ</subfield>
    </datafield>
    <datafield tag="035" ind1=" " ind2=" ">
      <subfield code="a">(OCoLC)980444953</subfield>
    </datafield>
    <datafield tag="084" ind1=" " ind2=" ">
      <subfield code="a">74.20</subfield>
      <subfield code="2">bcl</subfield>
    </datafield>
    <datafield tag="100" ind1="1" ind2=" ">
      <subfield code="a">Krayenhoff, Cornelius Rudolphus Theodorus,</subfield>
      <subfield code="d">1758-1840.</subfield>
    </datafield>
    <datafield tag="245" ind1="1" ind2="0">
      <subfield code="a">Nouvelle carte de la Hollande, d'apres Krayenhoff et les meilleurs cartes connues :</subfield>
      <subfield code="b">24 feuilles /</subfield>
      <subfield code="c">Établissement Géographique de Bruxelles, Fondé par Ph. Vander Maelen.</subfield>
    </datafield>
    <datafield tag="255" ind1=" " ind2=" ">
      <subfield code="a">Schaal [ca. 1:115.200].</subfield>
    </datafield>
    <datafield tag="264" ind1=" " ind2="1">
      <subfield code="a">Bruxelles :</subfield>
      <subfield code="b">Etablissement geographique, fondé par Ph. Vander Maelen,</subfield>
      <subfield code="c">[1832]</subfield>
    </datafield>
    <datafield tag="300" ind1=" " ind2=" ">
      <subfield code="a">1 krt. op 24 bl. :</subfield>
      <subfield code="b">steend., in kleur ;</subfield>
      <subfield code="c">58 cm</subfield>
    </datafield>
    <datafield tag="336" ind1=" " ind2=" ">
      <subfield code="a">cartografische afbeelding</subfield>
      <subfield code="b">cri</subfield>
      <subfield code="2">rdacontent/dut</subfield>
    </datafield>
    <datafield tag="337" ind1=" " ind2=" ">
      <subfield code="a">zonder medium</subfield>
      <subfield code="b">n</subfield>
      <subfield code="2">rdamedia/dut</subfield>
    </datafield>
    <datafield tag="338" ind1=" " ind2=" ">
      <subfield code="a">vel</subfield>
      <subfield code="b">nb</subfield>
      <subfield code="2">rdacarrier/dut</subfield>
    </datafield>
    <datafield tag="500" ind1=" " ind2=" ">
      <subfield code="a">Bl. I. Titre, signes conventionnels, carte d'assemblage. II. Vlieland. III. Dokkum. IV. Emden. V. Positions [et triangulations]. VI. Texel. VII. Leeuwarden. VIII. Groningue. IX. Amsterdam. X. Alkmaar. XI. Zwolle. XII. Koeverden. XIII. La Haye. XIV. Utrecht. XV. Zutphen. XVI. Oldenzaal. XVII. Brielle. XVIII. Bois-Le-Duc. XIX. Arnhem. XX. Wesel. XXI. Middelburg. XXII. Tilburg. XXIII. Helmont. XXIV. Dusseldorf.</subfield>
    </datafield>
    <datafield tag="500" ind1=" " ind2=" ">
      <subfield code="a">Elk bl. met 2 schaalstokken (lieues de 20 au degré ou 1152 Kilomètres, lieues de 20 au dégré ou de 800 verges du Rhin).</subfield>
    </datafield>
    <datafield tag="651" ind1=" " ind2="7">
      <subfield code="a">Nederland.</subfield>
      <subfield code="0">(NL-LeOCL)078600987.</subfield>
      <subfield code="2">gtt</subfield>
    </datafield>
    <datafield tag="655" ind1=" " ind2="7">
      <subfield code="a">Kaarten (vorm)</subfield>
      <subfield code="0">(NL-LeOCL)088143554.</subfield>
      <subfield code="2">gtt</subfield>
    </datafield>
    <datafield tag="710" ind1="2" ind2=" ">
      <subfield code="a">Établissement Géographique (Bruxelles)</subfield>
    </datafield>
    <datafield tag="758" ind1=" " ind2=" ">
      <subfield code="a">Nouvelle carte de la Hollande, d'apres Krayenhoff et les meilleurs cartes connues (CartographicMaterial)</subfield>
      <subfield code="1">https://id.oclc.org/worldcat/entity/E39PCXtYb7C4W3x6m99YbDdXwK</subfield>
      <subfield code="4">https://id.oclc.org/worldcat/ontology/hasWork</subfield>
    </datafield>
    <datafield tag="936" ind1=" " ind2=" ">
      <subfield code="a">BATCHLOAD</subfield>
    </datafield>
  </record>